| 000 -LEADER |
| fixed length control field |
01205nam a22002177a 4500 |
| 008 - FIXED-LENGTH DATA ELEMENTS--GENERAL INFORMATION |
| fixed length control field |
250528b xxu||||| |||| 00| 0 eng d |
| 040 ## - CATALOGING SOURCE |
| Original cataloging agency |
Cagayan State University |
| 082 ## - DEWEY DECIMAL CLASSIFICATION NUMBER |
| Classification number |
791.4372 |
| Item number |
Y886 2025 |
| 245 ## - TITLE STATEMENT |
| Title |
You're cordially invited / directed, written, and produced by Nicholas Stoller ; produced by Conor Welch, Reese Witherspoon, Laure Neustadter, Will Ferrell, Jessica Elbaum. |
| 260 ## - PUBLICATION, DISTRIBUTION, ETC. (IMPRINT) |
| Place of publication, distribution, etc |
United States : |
| Name of publisher, distributor, etc |
Amazon MGM Studios, |
| Date of publication, distribution, etc |
2025. |
| 300 ## - PHYSICAL DESCRIPTION |
| Extent |
1 videofile, (ca. 109 mins.) : |
| Other physical details |
sound, color. |
| 520 ## - SUMMARY, ETC. |
| Summary, etc |
When two weddings are accidentally booked on the same day at the same venue, each bridal party is challenged with preserving their family's special moment. In a hilarious battle of determination, the father of one bride (Will Ferrell) and the sister of the other bride (Reese Witherspoon) chaotically go head-to-head as they stop at nothing to uphold an unforgettable celebration for their loved ones. |
| 546 ## - LANGUAGE NOTE |
| Language note |
In English subtitle. |
| 650 ## - SUBJECT ADDED ENTRY--TOPICAL TERM |
| Topical term or geographic name as entry element |
Comedy. |
| 700 ## - ADDED ENTRY--PERSONAL NAME |
| Personal name |
Ferrell, Will, star. |
| 700 ## - ADDED ENTRY--PERSONAL NAME |
| Personal name |
Witherspoon, Reese, star. |
| 700 ## - ADDED ENTRY--PERSONAL NAME |
| Personal name |
Guleserian, John, cinematographer, |
| 700 ## - ADDED ENTRY--PERSONAL NAME |
| Personal name |
Gabbe, Daniel, editor. |
| 700 ## - ADDED ENTRY--PERSONAL NAME |
| Personal name |
Ross, Hugh, editor. |
| 942 ## - ADDED ENTRY ELEMENTS (KOHA) |
| Source of classification or shelving scheme |
|
| Item type |
Audio-Visual Materials |